00732nam a2200205 a 4500008004100000020003200041040002500073041001300098080002000111080001000131080001500141100002600156245007400182250003200256260004800288300004600336500010500382700002800487044001100515951213s1978||||[C 0 slo c c85 Kčs. q(15000 výtl.) aSNKbslocSNKeAACR21 aslohslo a51(031)(084.12) a030.1 a51(084.12)1 aŠalát, Tibor4aut10aMalá encyklopédia matematikycTibor Šalát ; Tibor Hrabovský a2., preprac. a rozš. vyd. aBratislavabObzorc1978eBratislavafPravda a855 s., 76,85 AHbFot. Grafy. Sch.c24 cm aLit. 137. Reg. 137 zázn. lit. o knihách a čl. v jaz. slov., čes., rus., nem., angl. a poľ.1 aHrabovský, Tibor4bkd axocSK